000 00735nam a2200265Ia 4500
003 OSt
005 20220928113121.0
006 a|||||r|||| 00| 0
007 ta
008 220927b |||||||| |||| 00| 0 eng d
024 _a47415
037 _cTextual
040 _aSDCL
_cSDCL
_beng
041 _2eng
_aeng
082 _aX:8F, P8
100 _aSehgal Ashok
_9390278
245 0 _aFinancial accounting
_bComprehensive text book
250 _a3
260 _aNew Delhi
_bTaxmann Allied Services
_c2008
300 _avarious pagination
_ccm.
650 _aFinancial Accounting
_9431655
700 _a Sehgal Deepak
942 _hX:8F, P8
_cTEXL
_2CC
999 _c748168
_d748168